| 000 | 01201nam a2200349Ic 4500 | ||
|---|---|---|---|
| 001 | 58058 | ||
| 003 | CO-BoRNBP | ||
| 005 | 20250814221233.0 | ||
| 007 | ta | ||
| 008 | 210830r20162018ck er 000 0dspa d | ||
| 020 | _a9789587577396 | ||
| 040 |
_aCO-BoRNBP _bspa _erda _cCO-BoRNBP |
||
| 041 | 0 | _aspa | |
| 082 | 0 | 4 |
_a460.08 _bG67p _222 |
| 100 |
_aGossain, Juan _eaut _92673 |
||
| 245 | 1 | 4 |
_aLas palabras más bellas y otros relatos sobre el lenguaje / _cJuan Gossain. |
| 250 | _aPrimera edición | ||
| 264 | 1 |
_aBogotá, Colombia : _bIntermedio Editores, _c2018 |
|
| 300 | _a178 páginas | ||
| 336 |
_atexto _btxt _2rdacontent |
||
| 337 |
_asin mediación _bn _2rdamedia |
||
| 338 |
_avolumen _bnc _2rdacarrier |
||
| 521 | _aRecomendado para un público adulto | ||
| 545 | _aIncluye datos biográficos del autor en la solapa | ||
| 650 | 0 | 7 |
_aEspañol _vpalabras y frases _vensayos, conferencias, etc. _2LEMB _962344 |
| 650 | 0 | 7 |
_aEspañol _xalfabeto _vfotografías _2LEMB _962345 |
| 650 | 0 | 7 |
_aEspañol _xhistoria _xetimología _2LEMB _962346 |
| 650 | 0 | 7 |
_aEspañol _xhistoria _xpalabras y frases _2LEMB _962347 |
| 655 |
_aPalabras y frases _9324749 |
||
| 655 |
_aFotografías _9324691 |
||
| 942 |
_2ddc _cBK |
||
| 999 |
_c58058 _d58058 |
||